Zákon o audítoroch, audite a dohľade nad výkonom auditu s komentárom

Zákon č. 540/2007 Z.z. o audítoroch, audite a dohľade nad výkonom auditu a o zmene a doplnení zákona č. 431/2002 Z.z. o účtovníctve v znení neskorších predpisov.

Guardado en:
Detalles Bibliográficos
Autor principal: Fabová, Zdenka
Formato: Capítulo de libro
Lenguaje:eslovaco
Materias:
Etiquetas: Agregar Etiqueta
Sin Etiquetas, Sea el primero en etiquetar este registro!

MARC

LEADER 00000naa$a2200000$$$4500
001 0071904
005 20231120082104.0
041 0 |a slo 
044 |a SK 
245 1 0 |a Zákon o audítoroch, audite a dohľade nad výkonom auditu s komentárom  |c Zdenka Fabová 
520 |a Zákon č. 540/2007 Z.z. o audítoroch, audite a dohľade nad výkonom auditu a o zmene a doplnení zákona č. 431/2002 Z.z. o účtovníctve v znení neskorších predpisov. 
610 2 0 |a audit 
610 2 0 |a audítori 
610 2 0 |a audítorstvo 
610 2 0 |a zákony 
610 2 0 |a komentáre 
610 2 0 |a Slovensko 
610 2 0 |a 2007 
100 1 |a Fabová, Zdenka